000
00293nam a2200121Ia 4500
008
220204s9999 xx 000 0 und d
082
_a
005
_b
MOD.5
100
_a
Pereira
245
0
_a
Modern science. 5 Vols.
260
_a
Delhi
_b
Oxford University
_c
1978
700
_a
Ramalingam
942
_c
BK
999
_c
32026
_d
32026